എല്ലാവർക്കും ആരോഗ്യം:ആരോഗ്യത്തിൻ്റെ സമൂഹിക, സാംബതിക, രാഷ്ട്രീയമാനങ്ങൾ (Record no. 755986)

MARC details
000 -LEADER
fixed length control field 00697nam a2200181 4500
020 ## - INTERNATIONAL STANDARD BOOK NUMBER
ISBN 9788119131563
082 ## - DEWEY DECIMAL CLASSIFICATION NUMBER
Classification number 614
Item number IQB.E
084 ## - OTHER CLASSIFICATION NUMBER
Source of Number Colon Classification
100 ## - MAIN ENTRY--AUTHOR NAME
Personal name ഇക്ബാൽ ,ബി
100 ## - MAIN ENTRY--AUTHOR NAME
Personal name Ikbal ,B
240 ## - UNIFORM TITLE
Uniform title Ellavarkum arogyam:Arogyathinte samoohika, sambathika, rashtreeyamanaangal
245 ## - TITLE STATEMENT
Title എല്ലാവർക്കും ആരോഗ്യം:ആരോഗ്യത്തിൻ്റെ സമൂഹിക, സാംബതിക, രാഷ്ട്രീയമാനങ്ങൾ
260 ## - PUBLICATION, DISTRIBUTION, ETC. (IMPRINT)
Place of publication Thiruvananthapuram:
Name of publisher Chintha Publishers,
Year of publication 2023.
300 ## - PHYSICAL DESCRIPTION
Number of Pages 241p.
650 ## - SUBJECT ADDED ENTRY--TOPICAL TERM
Topical Term Health
942 ## - ADDED ENTRY ELEMENTS (KOHA)
Source of classification or shelving scheme Dewey Decimal Classification
Koha item type General
Holdings
Withdrawn status Lost status Source of classification or shelving scheme Damaged status Not for loan Home Library Current Location Shelving location Date acquired Full call number Accession Number Price effective from Koha item type
    Dewey Decimal Classification     Campus Library Kariavattom Campus Library Kariavattom General Stacks 07/02/2026 614 IQB.E UCL35329 07/02/2026 General